Phasmophobia Quiz - Statistics

General Stats
  • This quiz has been taken 280 times
  • The average score is 49 of 69
Answer Stats
Hint Answer % Correct
A ghost capable of throwing more objects and with more force, doing so more frequently and draining sanity by throwing things Poltergeist
98%
An aggressive ghost that hunts more often and at higher sanity, with a chance to initiate a hunt even towards players with high sanity, and with a resistance to smudge sticks Demon
95%
A basic ghost that can be stopped using smudge sticks for longer than other ghosts Spirit
95%
A dark-loving ghost with a higher chance of hunting and dwelling in dark rooms, as well as flipping off light switches as soon as they are flipped on and shattering light bulbs Mare
93%
A ghost that gets angry and is more likely to hunt when players are speaking and/or using their radios near it, but that can only hear and detect electronics within a short range Yokai
90%
An electricity-siphoning ghost that becomes more likely to hunt and becomes faster when near active electronics, and with an increased electronic deactivation range when hunting Raiju
88%
A vocal ghost that makes unique shriek-like sounds on the parabolic microphone and selects a random player to exclusively hunt as long as they are in the investigation site Banshee
87%
A purportedly floating ghost that is unable to disturb piles of salt on the ground and has a chance to teleport to players during a hunt, possibly causing an EMF Level 5 reading Wraith
86%
A pair of ghosts that start hunts in different locations, move at different speeds, and interact with objects in different radii The Twins
85%
A quick-footed ghost that normally moves very slowly during a hunt until they spot a player, in which case they will accelerate to double the movement speed of most ghosts until they catch up Revenant
84%
A shy ghost that is unable to interact or initiate hunts while in the same room as a player, has a higher chance to produce mist, and sometimes appears as a shadow during a cursed summon Shade
84%
A wall-mounted device that emits a matrix of bright green laser points, which will reveal a ghost when it walks through them in the form of a faint silhouette if the ghost is capable of doing so D.O.T.S Projector
83%
A handheld device that detects interactions and displays their intensity from 1-5, though 5 is exclusive to ghosts who are capable of producing this level of activity EMF Reader
83%
A shapeshifting ghost that sometimes fails to leave behind fingerprints, though also leaving behind prints depicting six fingers rather than five, also capable of changing its form while hunting Obake
83%
A ghost that randomly picks different ghosts to use the abilities and traits of and always produces fake spirit orbs that do not count as evidence The Mimic
83%
An all-seeing ghost that sees every player when it hunts, moves very slow when it approaches its current target, and produces a unique breathing sound on the spirit box Deogen
82%
A cold-loving ghost whose speed is unaffected by line-of-sight with targets, but rather the temperature of the room it is in, also capable of producing freezing breath as evidence Hantu
82%
A vocal ghost that makes more noise on the parabolic microphone than other ghosts, but that becomes quiet when hunting, lowering the volume of its footsteps and vocalization Myling
82%
A ghost that flickers less often during hunts, disappears during ghost events and in pictures when photographed, and travels to players' locations rather than roaming normally Phantom
82%
A device that can be used to view ghost orbs, if the ghost is capable of producing them, that can be held, placed on a surface, or mounted on a tripod, also capable of toggling night vision Video Camera
82%
A ghost that prefers to stay in one spot, incapable of roaming far distances or changing ghost rooms, also incapable of being seen in its D.O.T.S form, except through a video camera Goryo
81%
A fire-hating ghost that has an increased chance of blowing out fire, the chance increasing the more dead players there are, and that is unable to hunt when fire is nearby Onryo
81%
A device that detects the player's voice when they are in a dark room and has a chance for the ghost to respond with many different words hidden inside phrases, if the ghost is capable of doing so Spirit Box
81%
An old ghost that attempts to "age" randomly, succeeding if a player is in the same room as it, causing it to move slower during hunts, perform less interactions, and only hunt at lower sanity Thaye
81%
A tool capable of detecting the temperature in the room the player is standing in, including if the temperature is below freezing temperature, if the ghost is capable of producing freezing temepratures Thermometer
81%
A tool that prevents the ghost from hunting if the ghost is nearby, expending one of the tool's charges Crucifix
80%
A light source that can slow the sanity drain of players near it and that can be blown out by the ghost Firelight
80%
A book that can be written in by a ghost, if the ghost is capable of doing so, otherwise the book will be thrown by the ghost Ghost Writing Book
80%
A tool that emits light and can be used to light firelights, incense, summoning circle candles, and campfires Igniter
80%
An item that can be burned to deter the ghost from hunting for a certain period of time Incense
80%
An electricity-based ghost that becomes faster and gains the ability to passively drain players' sanity when the fuse box is on, also becoming faster when its targets are far away Jinn
80%
A tool capable of revealing fingerprints and handprints on objects interacted with by the ghost, such as doors or light switches, if the ghost is capable of leaving behind prints UV Light
80%
A sanity-draining ghost that likes to completely shut open doors, causing the team's sanity to quickly drain, but that is also weak to incense, being trapped in its favorite room by it Yurei
80%
A tool that allows the player holding it to shine a beam of light that can be used to see more easily in dark areas Flashlight
79%
A device that can be used to photograph various types of ghost evidence, as well as ghost interactions, cursed objects, and pictures of the ghost Photo Camera
79%
A container that can be used to place piles on the ground, which the ghost can step in to leave behind footprints if the ghost is capable of doing so Salt
79%
A ghost that curses players who hear it talking through a parabolic microphone or spirit box, rapidly dropping their sanity, with the added ability to increase its speed the lower the team's sanity gets Moroi
78%
A wall-mounted device that, when a player or ghost walks past it, causes it to light up and sends a signal to the van, both illuminating the device's location on the map and making a sound Motion Sensor
77%
An active ghost that interacts with things more often when people are nearby, appears visible more often during hunts than other ghosts, and causes sanity to drop quickly when colliding with players Oni
77%
A mount that a video camera can be placed on, lowering the chance of a ghost knocking it down Tripod
75%
An item that can be consumed to restore a portion of the player's sanity Sanity Medication
74%
A device that detects sounds made by the ghost and displays how loud the sounds were, with a very far range Parabolic Microphone
72%
A variant of the video camera that can be placed on a player's head, providing a video feed to the van and allowing for the viewing of ghost orbs Head Gear
71%
A device that detects sounds in a large radius around it and sends the information received to the van Sound Sensor
71%
A cursed object that shows the player viewing it the location of the ghost's favorite room, but that also rapidly drains the player's sanity Haunted Mirror
64%
A cursed object that allows the player holding it to make wishes that have both positive and negative effects Monkey Paw
63%
A cursed object that allows the player holding it to draw random cards, which all cause different effects Tarot Cards
63%
A cursed object that causes the ghost to begin a hunt and sing loudly when activated Music Box
62%
A cursed object that can be used to ask the ghost questions, which it can respond to by spelling out words and numbers or by highlighting 'yes' or 'no' Ouija Board
62%
A tarot card that triggers a cursed hunt Death Tarot Card
60%
A cursed object on the ground that can be activated to summon and trap the ghost before a hunt occurs Summoning Circle
60%
An object guaranteed to be found in the investigation site that gives you a bonus for picking it up or taking a photo of it Bone
59%
A cursed object that causes the ghost to perform interactions or initiate a hunt when used Voodoo Doll
58%
A tarot card that sets the player's sanity to 0% The Moon Tarot Card
55%
A tarot card that sets the player's sanity to 100% The Sun Tarot Card
55%
A tarot card that causes an interaction to occur and doubles all ghost activity for twenty seconds The Tower Card
52%
A tarot card that is always drawn on hunts that appears to be another card until it turns into this card, causing no effect The Fool Tarot Card
51%
A tarot card that instantly kills the player who draws it The Hanged Man Tarot Card
51%
A tarot card that has a 50% chance to give the player 25% sanity and a 50% chance to remove 25% sanity from the player The Wheel of Fortune Tarot Card
50%
A picture of the current location found in the van, displaying players' locations, CCTV cameras, the fuse box, exit doors, windows, staircases, and motion and sound sensors Site Map
49%
A device in the van used to view cameras, including ones located in the investigation site, video cameras, and head gear cameras Computer
48%
A tarot card that teleports the ghost to its favorite room and traps it there for one minute The Hermit Tarot Card
48%
A tarot card that causes a ghost event to occur, leading the ghost to the nearest player The Devil Tarot Card
47%
A tarot card that revives a random dead player at the location of their corpse, or causes the next person to die to come back to life The High Priestess Tarot Card
44%
A bulletin board in the van that displays the ghost's name, some information concerning the ghost, a picture of the location, objectives to complete, and additional slots for pictures taken Objective Board
41%
A display showing the players in the game and their accompanying sanity values, showing question marks for players who are dead Sanity Monitor
39%
A display showing the ghost's activity ranging from 0 to 10 Site Activity Monitor
39%
A display showing all activity detected by sound sensors placed in the investigation site Sound Monitor
30%
Boards that display the current daily and weekly tasks Clipboards
26%
No matching quizzes found
Score Distribution
Percent of People with Each Score
Percentile by Number Answered
Your Score History
You have not taken this quiz